| 000 | 01651cam a2200421 a 4500 | ||
|---|---|---|---|
| 001 | 14466540 | ||
| 005 | 20170105102847.0 | ||
| 008 | 060725s2007 dcuabf b 001 0beng | ||
| 010 | _a 2006024099 | ||
| 015 |
_aGBA6A4566 _2bnb |
||
| 016 | 7 |
_a013624747 _2Uk |
|
| 020 | _a1574888927 (alk. paper) | ||
| 020 | _a9781574888928 (alk. paper) | ||
| 020 | _a1574888935 (pbk. : alk. paper) | ||
| 020 | _a9781574888935 (pbk. : alk. paper) | ||
| 035 | _a(OCoLC)ocm70836647 | ||
| 035 | _a(OCoLC)70836647 | ||
| 040 |
_aDLC _cDLC _dBAKER _dUKM _dBTCTA _dC#P _dYDXCP _dDLC |
||
| 043 | _ae-uk--- | ||
| 050 | 0 | 0 |
_aDA68.12.W4 _bH39 2007 |
| 082 | 0 | 0 |
_a941.081092 _aB _222 |
| 100 | 1 | _aHaythornthwaite, Philip J. | |
| 245 | 1 | 0 |
_aWellington : _bthe Iron Duke / _cPhilip Haythornthwaite. |
| 250 | _a1st ed. | ||
| 260 |
_aWashington, D.C. : _bPotomac Books, _cc2007. |
||
| 300 |
_axvi, 125 p., [16] p. of plates : _bill., maps ; _c21 cm. |
||
| 440 | 0 | _aMilitary profiles | |
| 504 | _aIncludes bibliographical references (p. 113-115) and index. | ||
| 600 | 1 | 0 |
_aWellington, Arthur Wellesley, _cDuke of, _d1769-1852. |
| 650 | 0 |
_aPrime ministers _zGreat Britain _vBiography. |
|
| 650 | 0 |
_aGenerals _zGreat Britain _xBiography. |
|
| 651 | 0 |
_aGreat Britain _xPolitics and government _y19th century. |
|
| 651 | 0 |
_aGreat Britain _xHistory, Military _y19th century. |
|
| 856 | 4 | 1 |
_3Table of contents only _uhttp://www.loc.gov/catdir/toc/ecip0618/2006024099.html |
| 906 |
_a7 _bcbc _corignew _d1 _eecip _f20 _gy-gencatlg |
||
| 942 |
_2ddc _cBK |
||
| 999 |
_c14118 _d14118 |
||